Začiatky bigbítu v Košiciach (1966-70)

Bibliographic Details
Main Author: Lazorišák, Štefan, 1959- (Author)
Format: Article
Language:Slovak
PhysicalDescription:Fotografia
ISSN:1338-0168
Subjects:

MARC

LEADER 00000nab a2200000u 4500
001 vtls012280380
003 SK-MaSNL
005 20260304204540.0
008 250728|2008 xo ||||||| ||00 ||slo|
038 |a KEVKJB 
040 |a KEVKJB  |b slo  |e rda 
041 0 |a slo 
043 |a e-xo--- 
044 |a xo  |c SK 
072 7 |a 78  |x Hudba  |2 konspekt 
080 |a 78.036.011.26  |2 2011 
100 1 |a Lazorišák, Štefan,  |d 1959-  |4 aut  |9 156869 
245 1 0 |a Začiatky bigbítu v Košiciach  |b (1966-70)  |c Š. Lazorišák 
300 |b Fotografia 
336 |a text  |b txt  |2 rdacontent 
337 |a bez média  |b n  |2 rdamedia 
338 |a zväzok  |b nc  |2 rdacarrier 
650 0 7 |a regionálne dejiny  |2 SNKPH  |9 63645 
650 0 7 |a dejiny miest  |2 SNKPH  |9 164833 
650 0 7 |a bigbít  |2 SNKPH  |9 101601 
651 7 |a Košice (Slovensko)  |2 SNKPHgeo  |9 18694 
773 0 |t Entrez Cafe Journal  |g Roč. 1, č. 3 (2008), s. 16  |x 1338-0168 
852 |a KEVKJB  |b KIS3GCP 
999 |c 3116708  |d 3118638